000 00290nam a22000977a 4500
008 200907b ||||| |||| 00| 0 eng d
100 _aMarcovitch, Emile
245 _aCatalog of Russian vignettes, Part II Period of the First World War
260 _c1959
650 _aRussia | Revenue | Vignettes
999 _c3085
_d3085